000 00764nam a2200229 a 4500
001 000024071
005 20200930022707.0
008 110118s1997 mx r 000 0 spa d
020 _a9701800982
040 _aDO-SdBNP
_bspa
_cBNPHU
082 _a897.73
_bT654m
100 1 _aTolstoí, León
_d1828-1910
_942786
245 1 0 _aLa muerte de Iván Ilich /
_cTolstoi León ; presentación Christopher Domínguez Michael.
260 _aMéxico, D. F. :
_bConsejo Nacional para la Cultura y las Artes.,
_c1997.
300 _a85, [2] P. ;
_c22 cm.
490 1 _aClásicos para hoy
_v17
650 4 _aCuentos rusos
_942846
650 4 _aFamilia
_zRusia
_xCuentos
_949458
650 4 _aLiteratura rusa
_94743
830 0 _aClásicos para hoy ;
_v17
_928953
049 _aBNGR
999 _c23566
_d23566